Transfery Lato 2021 - Statystyki

Ogólne statystyki
  • Ten quiz został rozwiązany 53 razy
  • Średni wynik to 11 z 20
Statystyki odpowiedzi
Stary ->Nowy Klub Odpowiedź % Poprawnych
Barcelona-->PSG Lionel Messi
96%
Inter-->Chelsea Romelu Lukaku
96%
Real Madryt-->Manchester United Raphael Varane
88%
AC Milan-->PSG Gianluigi Donnarumma
82%
BVB-->Manchester United Jadon Sancho
82%
Real Madryt-->PSG Sergio Ramos
80%
Inter-->PSG Achraf Hakimi
76%
FC Köln-->Górnik Zabrze Lukas Podolski
71%
RB Lipsk-->Bayern Monachium Dayot Upamecano
69%
OL-->Barcelona Memphis Depay
65%
Chelsea-->AC Milan Olivier Giroud
53%
Ankar Gücu-->Jagiellonia Michał Pazdan
49%
Manchester City-->Barcelona Sergio Agüero
49%
OM-->Tigres Florian Thauvin
35%
Tottenham-->Sevilla Erik Lamela
33%
RB Lipsk-->Liverpool Ibrahima Konate
33%
Sevilla-->Tottenham Bryan Gil
25%
SL Benfica-->Arsenal Nuno Tavares
24%
Sassuolo-->Juventus Manuel Locatteli
20%
Liverpool-->PSG Georginho Wijnaldum
10%
Nie znaleziono quizów pasujących do podanych kryteriów
Rozkład punktacji
Procent ludzi z każdym wynikiem
Percentyl według liczby udzielonych odpowiedzi
Twoja historia wyników
Nie rozwiązałeś tego quizu